000 00498nam a22001697a 4500
999 _c116791
_d116791
005 20200128113858.0
008 200128b ||||| |||| 00| 0 eng d
020 _a9781285427348
040 _cPK-LaUMT
082 _a370.15
_bBER-C
100 _aBergin, Christi Crosby
245 _aChild and adolescent development in your classroom /
_cby Christi Crosby Bergin and David Allen Bergin
250 _a2nd ed.
260 _aStamford :
_bCengage Learning
_c2015
300 _a708 p.
942 _cBK